000 02367cam a22002174a 4500
005 20250605164113.0
008 250528s ||||||||||||||||||||||||d
035 _a17970
020 _a9786185036171
040 _aGR-AtMCL
_bgre
_dGR-AtMCL
_eAACR2
245 1 _aΗ Διερεύνυση της Στατιστικής με τη Χρήση του SPSS της IBM / 1η Ελληνική Έκδοση από την 4η Αγγλική
260 _bΠροπομπός,
_c2016
300 _a960
520 _aΑυτό το βιβλίο σας ταξιδεύει, όχι μόνο στον χώρο της στατιστικής, αλλά επίσης σε παράξενα και όμορφα πράγματα που υπάρχουν στον κόσμο γενικά. Πρόλογος, Γιατί ο Απαιτητικός Καθηγητής σας Πιέζει να Μάθετε Στατιστική, Όλα Όσα δε θα Θέλατε να Μάθετε για τη Στατιστική, Το Περιβάλλον του Προγράμματος SPSS της IBM, Εξερευνώντας τα Δεδομένα με Γραφήματα, Το Θηρίο της Μεροληψίας, Μη Παραμετρικά Μοντέλα, Συσχέτιση, Παλινδρόμηση, Σύγκριση Δύο Μέσων, Ρύθμιση και Διαμεσολάβηση και περισσότερη Παλινδρόμηση, Συγκρίνοντας Διάφορους Μέσους: ANOVA (GLM 1), Ανάλυση Συνδιακύμανσης της ANOVA (GLM 2), Παραγοντική Ανάλυση Διακύμανσης ANOVA (GLM 3), Σχεδιασμοί Επαναλαμβανόμενων Μετρήσεων (GLM 4), Μεικτοί Σχεδιασμοί ANOVA (GLM 5), Πολυμεταβλητή Ανάλυση Διακύμανσης (MANOVA), Διερευνητική Παραγοντική Ανάλυση, Κατηγορικά Δεδομένα, Λογιστική Παλινδρόμηση, Πολυεπίπεδα Γραμμικά Μοντέλα, Επίλογος: Η Ζωή μετά τη Διερεύνηση της Στατιστικής, Βιβλιογραφία, Ευρετήριο.
700 1 _aField Andy
_93242
700 1 _aΓκιόσος Γιαννης
_94277
700 1 _aΜαύρη Μαρία
_94278
942 _cBK
999 _c3364
_d3364